千葉県の市町村(1960年) - Statistics

General Stats
  • This quiz has been taken 97 times
  • The average score is 64 of 101
Answer Stats
No. 市町村 備考 % Correct
1 千葉市 1992年政令指定
100%
4 船橋市
95%
3 市川市
93%
7 松戸市
93%
8 野田市
93%
11 成田市
93%
17 柏市
93%
5 館山市
91%
6 木更津市
91%
2 銚子市
89%
16 習志野市
89%
18 勝浦市
86%
9 佐原市 2006年消滅
84%
14 旭市
84%
15 八日市場市 2006年消滅
84%
42 君津郡 君津町 1970年消滅
84%
45 君津郡 富津町 1971年消滅
84%
74 東葛飾郡 浦安町 1981年昇格
84%
78 東葛飾郡 我孫子町 1970年昇格
84%
29 安房郡 鴨川町 1971年消滅
82%
13 東金市
80%
51 長生郡 長生村
80%
63 山武郡 横芝町 2006年消滅
80%
76 東葛飾郡 流山町 1967年昇格
80%
82 印旛郡 八街町 1992年昇格
80%
10 茂原市
77%
12 佐倉市
77%
21 安房郡 鋸南町
77%
31 夷隅郡 大多喜町
77%
34 夷隅郡 御宿町
77%
54 長生郡 長柄町
77%
62 山武郡 山武町 2006年消滅
77%
81 印旛郡 酒々井町
77%
84 印旛郡 印旛村 2010年消滅
77%
90 香取郡 神崎町
77%
24 安房郡 千倉町 2006年消滅
75%
33 夷隅郡 夷隅町 2005年消滅
75%
37 君津郡 袖ケ浦町 1971年消滅
75%
55 長生郡 長南町
75%
57 山武郡 大網白里町 2013年昇格
75%
58 山武郡 九十九里町
75%
59 山武郡 成東町 2006年消滅
75%
80 印旛郡 四街道町 1981年昇格
75%
86 印旛郡 印西町 1996年昇格
75%
100 匝瑳郡 光町 2006年消滅
75%
49 長生郡 一宮町
73%
64 山武郡 芝山町
73%
85 印旛郡 白井村 1964年昇格
73%
95 香取郡 多古町
73%
97 香取郡 東庄町
73%
50 長生郡 睦沢村 1983年昇格
70%
52 長生郡 白子町
70%
73 千葉郡 八千代町 1967年昇格
70%
83 印旛郡 富里村 1985年昇格
70%
65 市原郡 市原町 1963年消滅
68%
75 東葛飾郡 鎌ケ谷町 1971年昇格
68%
88 印旛郡 栄町
68%
35 夷隅郡 大原町 2005年消滅
64%
66 市原郡 五井町 1963年消滅
64%
87 印旛郡 本埜村 2010年消滅
64%
99 海上郡 飯岡町 2005年消滅
64%
30 安房郡 天津小湊町 2005年消滅
61%
77 東葛飾郡 関宿町 2003年消滅
61%
92 香取郡 小見川町 2006年消滅
61%
60 山武郡 蓮沼村 2006年消滅
57%
98 海上郡 海上町 2005年消滅
57%
19 安房郡 富浦町 2006年消滅
55%
23 安房郡 白浜町 2006年消滅
55%
26 安房郡 和田町 2006年消滅
55%
79 東葛飾郡 沼南村 1964年昇格
55%
89 香取郡 下総町 2006年消滅
52%
61 山武郡 松尾町 2006年消滅
50%
67 市原郡 姉崎町 1963年消滅
50%
91 香取郡 大栄町 2006年消滅
50%
96 香取郡 干潟町 2005年消滅
50%
22 安房郡 三芳村 2006年消滅
48%
94 香取郡 栗源町 2006年消滅
48%
56 山武郡 土気町 1969年消滅
45%
93 香取郡 山田町 2006年消滅
45%
20 安房郡 富山町 2006年消滅
43%
25 安房郡 丸山町 2006年消滅
43%
39 君津郡 上総町 1970年消滅
39%
36 夷隅郡 長者町 1961年消滅
36%
101 匝瑳郡 野栄町 2006年消滅
36%
27 安房郡 江見町 1971年消滅
34%
32 夷隅郡 太東町 1961年消滅
34%
53 長生郡 本納町 1972年消滅
32%
70 市原郡 南総町 1967年消滅
30%
41 君津郡 富来田町 1971年消滅
27%
47 君津郡 天羽町 1963年消滅
27%
28 安房郡 長狭町 1971年消滅
25%
38 君津郡 小櫃村 1970年消滅
25%
43 君津郡 小糸町 1970年消滅
25%
40 君津郡 平川町 1971年消滅
23%
46 君津郡 大佐和町 1971年消滅
23%
68 市原郡 市津村 1961年昇格
23%
69 市原郡 三和町 1963年消滅
18%
72 千葉郡 泉町 1963年消滅
18%
44 君津郡 清和村 1970年消滅
16%
71 市原郡 加茂村 1967年消滅
14%
48 君津郡 峰上村 1963年消滅
11%
No matching quizzes found
Score Distribution
Percent of People with Each Score
Percentile by Number Answered
Your Score History
You have not taken this quiz